Szovjet vendégek Szegeden

Elmentve itt :
Bibliográfiai részletek
Dokumentumtípus: Cikk
Megjelent: 1977-03-24
Sorozat:Délmagyarország 67 No. 70
Kulcsszavak:METESZ
Online Access:http://dmarchiv.bibl.u-szeged.hu/118760
LEADER 00388nab a2200145 i 4500
001 delm118760
005 20190529134006.0
008 190529s1977 hu o 0|| hun d
040 |a SZTE Délmagyarország Archívum  |b hun 
041 |a hun 
245 0 0 |a Szovjet vendégek Szegeden  |h [elektronikus dokumentum] 
260 |c 1977-03-24 
300 |a 3 
490 0 |a Délmagyarország  |v 67 No. 70 
695 |a METESZ